000
00203nam a2200085 4500
001
1255926
005
20251216141646.0
245
_a
MÜSAİT BİR YERDE GÜLECEK VAR
_c
MİNE SOTA
260
_b
TİMAŞ YAYINLARI
999
_c
1255926
_d
1255926